| 000 | 01347aam a2200325 i 4500 | ||
|---|---|---|---|
| 001 | 768714001 | ||
| 003 | CO-MdFUSB | ||
| 005 | 20211216101746.0 | ||
| 007 | ta | ||
| 008 | 211216t1975 sp |||| |||| 00| 0 spa d | ||
| 020 | _a8472281736 | ||
| 040 |
_bspa. _aCO-MdFUSB _cCO-MdFUSB _dCO-MdFUSBC _erda |
||
| 041 |
_aspa _heng |
||
| 082 | 0 | 4 |
_a273.9 _223 _bG526d |
| 100 | 1 |
_aGirod, Gordon H. _eautor |
|
| 240 | _aGod is not dead | ||
| 245 | 1 | 0 |
_aDios no ha muerto _c/ Gordon H. Girod ; traducido por Samuel Vila |
| 264 | 1 |
_aTerrassa, Barcelona, España : _bClie, _c[1975] |
|
| 264 | 4 | _c© 1975 | |
| 300 |
_a155 páginas _c; 18 cm |
||
| 336 |
_atexto _btxt _2rdacontent |
||
| 337 |
_2rdamedia _asin mediación _bn |
||
| 338 |
_2rdacarrier _avolumen _bnc |
||
| 505 | _aInvestigación, razón o revelación. -- El nuevo modernismo. -- El nuevo universalismo. -- La deformación protestante. -- Desobediencia civil o anarquía. -- Claman paz, pero... -- Renovación o regeneración. -- Entendiendo las señales de los tiempos. -- Sucesos que precederán a su venida. -- El corto periodo satánico. -- La apostasía y la verdadera iglesia. -- El deber de unirse a la verdadera iglesia. | ||
| 563 | _aRústico | ||
| 653 | _aSiglo XIX y siglos posteriores | ||
| 700 |
_92027 _aVila, Samuel, _etraductor |
||
| 942 | _cBK | ||
| 945 | _aJTF-925 | ||
| 999 |
_c38715 _d38715 |
||